| 000 | 00419nam a2200169 a 4500 | ||
|---|---|---|---|
| 005 | 20140414132055.0 | ||
| 008 | 100520s19uu xx 00 eng d | ||
| 050 |
_aREF 943.9 _bL86 2002 |
||
| 100 | _aLundrigan, Nicole | ||
| 245 | _aHungary. | ||
| 260 |
_aMilwaukee, WI : _bGareth Stevens, _c2002. |
||
| 440 | _aCountries of the world | ||
| 650 | _aHungary | ||
| 999 |
_c114300 _d114300 |
||